Zdolnosci adaptacyjne przedsiebiorstw w warunkach istnienia bariery efektywnego popytu. Raport z badan empirycznych.

O empirickom výskume v Poľsku uskutočnenom v júni 1990. Charakteristika skúmaných podnikov. Štátne podniky. Akciová spoločnosť. Privatizovaný podnik - ukazovatele hospodárskej situácie, stratégia činnosti, spoločenské podmienky.

Salvato in:
Dettagli Bibliografici
Autore principale: Caban, W.
Natura: Capitolo di libro
Lingua:polacco
Soggetti:
Tags: Aggiungi Tag
Nessun Tag, puoi essere il primo ad aggiungerne!!

MARC

LEADER 00000naa a2200000 4500
001 r010656
005 20221125123057.1
041 0 |a pol 
044 |a PL 
245 1 0 |a Zdolnosci adaptacyjne przedsiebiorstw w warunkach istnienia bariery efektywnego popytu. Raport z badan empirycznych.  |c W. Caban 
520 |a O empirickom výskume v Poľsku uskutočnenom v júni 1990. Charakteristika skúmaných podnikov. Štátne podniky. Akciová spoločnosť. Privatizovaný podnik - ukazovatele hospodárskej situácie, stratégia činnosti, spoločenské podmienky. 
610 2 0 |a podnik 
610 2 0 |a PR 
610 2 0 |a dopyt 
610 2 0 |a adaptácia 
610 2 0 |a porovnanie medzipodnikové 
610 2 0 |a ukazovatele ekonomické 
610 2 0 |a 1990-1991 
610 2 0 |a podnik súkromný 
610 2 0 |a podnik štátny 
610 2 0 |a dane 
610 2 0 |a privatizácia 
610 2 0 |a spoločnosti akciové 
100 1 |a Caban, W.